University Home | Library Home | Institutional Repository

Dispossessed / (Record no. 159334)

MARC details
000 -LEADER
fixed length control field 00705cam2a220025300 4500
001 - CONTROL NUMBER
control field lce00116281
008 - FIXED-LENGTH DATA ELEMENTS--GENERAL INFORMATION
fixed length control field 760917s1976 onc 000 0 eng d
010 ## - LIBRARY OF CONGRESS CONTROL NUMBER
LC control number cn 76017184
015 ## - NATIONAL BIBLIOGRAPHY NUMBER
National bibliography number C76-17184-X
020 ## - INTERNATIONAL STANDARD BOOK NUMBER
Terms of availability
-- .95
035 ## - SYSTEM CONTROL NUMBER
System control number (Sirsi) r16585
035 ## - SYSTEM CONTROL NUMBER
System control number (DLC)cn 76017184
035 ## - SYSTEM CONTROL NUMBER
System control number (UPRA)lce00116281
040 ## - CATALOGING SOURCE
Original cataloging agency CaOTY
Language of cataloging eng
Transcribing agency CaOONL
Modifying agency CaOONL
055 02 - CLASSIFICATION NUMBERS ASSIGNED IN CANADA
Classification number PS8585*
082 ## - DEWEY DECIMAL CLASSIFICATION NUMBER
Classification number C812/.5/4
100 1# - MAIN ENTRY--PERSONAL NAME
Personal name Ravel, Aviva
Linkage A74079.1
245 10 - TITLE STATEMENT
Title Dispossessed /
Statement of responsibility, etc. Aviva Ravel.
260 ## - PUBLICATION, DISTRIBUTION, ETC.
Place of publication, distribution, etc. Toronto :
Name of publisher, distributor, etc. Playwrights Co-op,
Date of publication, distribution, etc. c1976.
440 #0 - SERIES STATEMENT/ADDED ENTRY--TITLE
Title Women write for theatre ;
Volume/sequential designation v. 3
Linkage S11702.1
500 ## - GENERAL NOTE
General note A play.
949 ## - LOCAL PROCESSING INFORMATION (OCLC)
a PR9199.3.R38
w lcc
i -11587
m MAIN
t BOOK
l ON-SHELF

No items available.

© 2026 - The University of Zambia Library - Koha v25.11